00383nam a2200121Ia 4500008004100000041000800041082001700049100002200066245008300088260002600171300001900197520004500216240719s9999 xx 000 0 und d aeng a658.4063 HIC aHickman, Craig R. aAn Innovators Tale A New Perspectives For Accelerating Creative Breakthroughs  aNew YorkbWielyc2002 a229.; P. 24.Cm aGifted By : IMT Faculty Dr.senthil kumar